[Event "ARM-ch Rapid"]
[Site "Yerevan"]
[Date "2021.03.02"]
[Round "4"]
[White "Simonian, Hrair"]
[Black "Vaganian, Rafael A"]
[Result "1/2-1/2"]
[WhiteElo "2430"]
[BlackElo "2516"]
[PlyCount "63"]
[EventDate "2021.03.02"]
[EventType "swiss (rapid)"]
[EventRounds "9"]
[EventCountry "ARM"]
[SourceTitle "CBM 201 Extra"]
[Source "ChessBase"]
[SourceDate "2021.05.31"]
[SourceVersion "1"]
[SourceVersionDate "2021.05.31"]
[SourceQuality "1"]

1. e4 e6 2. d4 d5 3. Nc3 Bb4 4. e5 b6 5. Bd2 Ba6 6. Nb5 Bf8 7. Qg4 Qd7 8. a4 Ne7 9. Bd3 Nc8 10. Ne2 c6 11. Nbc3 Bxd3 12. cxd3 Na6 13. 0-0 Nb4 14. Qg3 Ne7 15. Rfc1 Nf5 16. Qh3 Be7 17. a5 b5 18. g4 Nh4 19. Nxb5 cxb5 20. Bxb4 h5 21. Bxe7 Qxe7 22. f4 hxg4 23. Qxg4 Nf5 24. Rc6 Qb4 25. Rac1 0-0 26. Ng3 Qxd4+ 27. Kh1 Qxd3 28. Nxf5 exf5 29. Qg2 Rad8 30. Rc7 Qe3 31. Rg1 g6 32. Qxg6+ 1/2-1/2

[Event "ARM-ch rapid"]
[Site "Yerevan"]
[Date "2020.01.22"]
[Round "5"]
[White "Martirosyan, Haik M"]
[Black "Vaganian, Rafael A"]
[Result "1-0"]
[WhiteElo "2613"]
[BlackElo "2516"]
[PlyCount "98"]
[EventDate "2020.01.22"]
[EventType "swiss (rapid)"]
[EventRounds "9"]
[EventCountry "ARM"]
[SourceTitle "CBM 194 Extra"]
[Source "ChessBase"]
[SourceDate "2020.03.31"]
[SourceVersion "1"]
[SourceVersionDate "2020.03.31"]
[SourceQuality "1"]

1. e4 e6 2. d4 d5 3. Nd2 c5 4. exd5 Qxd5 5. Ngf3 cxd4 6. Bc4 Qd8 7. 0-0 Nc6 8. Nb3 Nf6 9. Qe2 a6 10. Rd1 b5 11. Nbxd4 Nxd4 12. Rxd4 Qb6 13. Bb3 Bc5 14. Rh4 Bb7 15. a4 h6 16. axb5 axb5 17. Rxa8+ Bxa8 18. Ne5 Qb7 19. Qf1 0-0 20. Rh3 Rd8 21. Nd3 Bd6 22. Rh4 Bf8 23. Be3 g5 24. Rd4 Nd5 25. Bxd5 Rxd5 26. f3 Bg7 27. Rb4 Qc7 28. Qe2 Qa5 29. Rb3 Bf8 30. Bd2 Qa1+ 31. Qe1 Qa4 32. h3 Rd8 33. Rc3 Bd5 34. Be3 Bg7 35. Rc7 Bc4 36. b3 Qa2 37. bxc4 Qxc2 38. Nf2 bxc4 39. Qc1 Qb3 40. Rxc4 Bb2 41. Qc2 Qxe3 42. Qxb2 Rd2 43. Rc8+ Kh7 44. Qb1+ Kg7 45. Qf1 e5 46. Rb8 Rc2 47. Rb1 Qc3 48. Kh1 Qd4 49. Ne4 Qc4 1-0

[Event "Wch Seniors 65 29th"]
[Site "Bucharest"]
[Date "2019.11.18"]
[Round "6"]
[White "Vaganian, Rafael A"]
[Black "Yakimenko, Alexander A"]
[Result "1-0"]
[WhiteElo "2514"]
[BlackElo "2149"]
[PlyCount "105"]
[EventDate "2019.11.12"]
[EventType "swiss"]
[EventRounds "11"]
[EventCountry "ROU"]
[SourceTitle "CBM 193 Extra"]
[Source "ChessBase"]
[SourceDate "2020.01.31"]
[SourceVersion "1"]
[SourceVersionDate "2020.01.31"]
[SourceQuality "1"]

1. d4 e6 2. g3 f5 3. Bg2 Nf6 4. Nf3 Be7 5. 0-0 0-0 6. c4 c6 7. b3 d5 8. Ba3 Bxa3 9. Nxa3 Qe7 10. Qc1 Nbd7 11. Qb2 b6 12. Rac1 Bb7 13. cxd5 exd5 14. e3 a5 15. Rfd1 Ne4 16. Nc2 Ba6 17. Nce1 Rac8 18. Nd3 Bxd3 19. Rxd3 Rfd8 20. Rdd1 Qd6 21. Rc2 Rc7 22. Bf1 Kh8 23. a3 Kg8 24. Qc1 Rdc8 25. Qb2 b5 26. Ne1 Nb6 27. Nd3 a4 28. bxa4 Nxa4 29. Qb4 Nb6 30. Rdc1 Nc4 31. a4 bxa4 32. Qxa4 c5 33. Nf4 Nb6 34. dxc5 Rxc5 35. Rxc5 Nxc5 36. Qb5 g5 37. Ne2 Kf7 38. Nd4 Kf6 39. Kg2 Nbd7 40. Qe2 Kg6 41. Qc2 Qe5 42. g4 Qe4+ 43. Qxe4 fxe4 44. Nb3 Nxb3 45. Rxc8 Ne5 46. Rd8 Nxg4 47. Rxd5 Nf6 48. Rb5 Nd2 49. Be2 g4 50. h3 h5 51. hxg4 hxg4 52. Kg3 Nf3 53. Bxf3 1-0

[Event "Minsk Kupreichik Memorial rapid"]
[Site "Minsk"]
[Date "2019.08.16"]
[Round "5"]
[White "Vaganian, Rafael A"]
[Black "Romanovskij, Nikita"]
[Result "1-0"]
[WhiteElo "2514"]
[BlackElo "1869"]
[PlyCount "113"]
[EventDate "2019.08.15"]
[EventType "swiss (rapid)"]
[EventRounds "10"]
[EventCountry "BLR"]
[SourceTitle "CBM 191 Extra"]
[Source "ChessBase"]
[SourceDate "2019.09.30"]
[SourceVersion "1"]
[SourceVersionDate "2019.09.30"]
[SourceQuality "1"]

1. Nf3 Nf6 2. c4 e6 3. d4 b6 4. e3 Bb7 5. Bd3 d5 6. 0-0 Be7 7. b3 0-0 8. Bb2 c5 9. dxc5 Bxc5 10. Qe2 Qe7 11. a3 Nc6 12. Nbd2 Rfd8 13. cxd5 exd5 14. b4 Bd6 15. Nb3 Ne4 16. Nbd4 Nxd4 17. Bxd4 Rac8 18. Qb2 f6 19. Nh4 Qf7 20. g3 Bb8 21. Rac1 Rxc1 22. Rxc1 Rc8 23. Ng2 Nd6 24. Rxc8+ Bxc8 25. Qc2 g6 26. Qc3 Kg7 27. h4 Bf5 28. Nf4 Bxd3 29. Qxd3 Ne4 30. Ne2 Qe6 31. Kg2 Qf5 32. Nf4 Bxf4 33. exf4 Qc8 34. f3 Nd6 35. g4 Kf7 36. Kg3 Qc4 37. Qxc4 dxc4 38. a4 Ke6 39. Kf2 f5 40. Ke3 Kd5 41. Be5 Nb7 42. Bd4 Nd8 43. Bf6 Nc6 44. b5 Nb8 45. Bd4 Nd7 46. a5 Nc5 47. a6 Nd7 48. h5 Kd6 49. Kd2 Kd5 50. Kc3 Nc5 51. Bg1 Ne6 52. Be3 Ng7 53. Bxb6 Ne8 54. Bxa7 Nd6 55. Kb4 c3 56. Be3 c2 57. a7 1-0

[Event "Jermuk Asrian Memorial 12th"]
[Site "Jermuk"]
[Date "2019.06.19"]
[Round "9"]
[White "Davtyan, Artur"]
[Black "Vaganian, Rafael A"]
[Result "0-1"]
[WhiteElo "2431"]
[BlackElo "2526"]
[PlyCount "98"]
[EventDate "2019.06.11"]
[EventType "swiss"]
[EventRounds "9"]
[EventCountry "ARM"]
[SourceTitle "CBM 191 Extra"]
[Source "ChessBase"]
[SourceDate "2019.09.30"]
[SourceVersion "1"]
[SourceVersionDate "2019.09.30"]
[SourceQuality "1"]

1. e4 e6 2. d4 d5 3. Nc3 Nf6 4. e5 Nfd7 5. f4 c5 6. Nf3 Nc6 7. Be3 a6 8. Qd2 cxd4 9. Nxd4 Bc5 10. Rd1 0-0 11. Be2 Qc7 12. a4 Qb6 13. b3 Bb4 14. Nxc6 Qxc6 15. Bd4 Nc5 16. Bf3 b5 17. 0-0 Ne4 18. Bxe4 dxe4 19. axb5 axb5 20. Qe3 Bb7 21. Rf2 Rfd8 22. Nb1 Bf8 23. c3 b4 24. Rff1 h6 25. c4 Rd7 26. Bb6 Rd3 27. Rxd3 exd3 28. Qf2 Qe4 29. Nd2 Qf5 30. Bd4 Ra2 31. h3 Qg6 32. Be3 Be7 33. Kh2 Bh4 34. g3 Be7 35. Bd4 h5 36. Qe3 Qf5 37. Rf2 g5 38. Qe1 gxf4 39. Rxf4 Qg6 40. h4 Bf8 41. Be3 Bg7 42. Rd4 Bxe5 43. Rd8+ Kh7 44. Qf2 Ra1 45. Nf3 Qf5 46. Bd4 Bxd4 47. Ng5+ Kg7 48. Nxe6+ Qxe6 49. Qxd4+ Qf6 0-1

[Event "WchT Seniors 50"]
[Site "Rhodes"]
[Date "2019.04.19"]
[Round "4.1"]
[White "Shabalov, Alexander"]
[Black "Vaganian, Rafael A"]
[Result "1-0"]
[WhiteElo "2510"]
[BlackElo "2535"]
[PlyCount "61"]
[EventDate "2019.04.16"]
[EventType "team-swiss"]
[EventRounds "9"]
[EventCountry "GRE"]
[SourceTitle "CBM 190 Extra"]
[Source "ChessBase"]
[SourceDate "2019.07.15"]
[SourceVersion "1"]
[SourceVersionDate "2019.07.15"]
[SourceQuality "1"]
[WhiteTeam "United States"]
[BlackTeam "Armenia"]
[WhiteTeamCountry "USA"]
[BlackTeamCountry "ARM"]

1. e4 e6 2. d4 d5 3. Nc3 Nf6 4. e5 Nfd7 5. f4 c5 6. Nf3 Nc6 7. Ne2 b5 8. a3 b4 9. axb4 cxb4 10. f5 exf5 11. Nf4 Ndb8 12. Bb5 g5 13. Nh5 Be7 14. Nf6+ Bxf6 15. exf6 h6 16. h4 g4 17. Ne5 Qxf6 18. 0-0 g3 19. Nf3 0-0 20. Bf4 a5 21. Qd2 Kh7 22. Bxg3 Rg8 23. Bf4 Ba6 24. Bxa6 Rxa6 25. Qd3 Ra7 26. Rae1 Re7 27. Ne5 Nxe5 28. Rxe5 Qg6 29. g3 Rxe5 30. Bxe5 Nd7 31. h5 1-0

[Event "Moscow Aeroflot op-B 18th"]
[Site "Moscow"]
[Date "2019.02.24"]
[Round "5"]
[White "Wang, Shixu B"]
[Black "Vaganian, Rafael A"]
[Result "1/2-1/2"]
[WhiteElo "2362"]
[BlackElo "2546"]
[PlyCount "99"]
[EventDate "2019.02.20"]
[EventType "swiss"]
[EventRounds "9"]
[EventCountry "RUS"]
[SourceTitle "CBM 189 Extra"]
[Source "ChessBase"]
[SourceDate "2019.06.03"]
[SourceVersion "1"]
[SourceVersionDate "2019.06.03"]
[SourceQuality "1"]

1. d4 Nf6 2. c4 c5 3. d5 e5 4. Nc3 d6 5. e4 Be7 6. Bd3 0-0 7. Nge2 Ne8 8. 0-0 Nd7 9. Ng3 g6 10. Bh6 Ng7 11. Qd2 Nf6 12. h3 Kh8 13. Nge2 Ng8 14. Be3 b6 15. f4 f5 16. a4 exf4 17. Bxf4 g5 18. Bh2 f4 19. a5 bxa5 20. Nb5 Nh6 21. e5 dxe5 22. d6 Bf6 23. Be4 Rb8 24. Nxa7 Bb7 25. Nc3 Nhf5 26. Nab5 Nd4 27. Qd3 Bxe4 28. Nxe4 Nge6 29. Kh1 Nxb5 30. cxb5 Nd4 31. Bg1 Qb6 32. Bxd4 exd4 33. Rfe1 Bd8 34. Rac1 Qxb5 35. Qxb5 Rxb5 36. Nxc5 d3 37. Red1 f3 38. Ne6 fxg2+ 39. Kxg2 Rxb2+ 40. Kg3 Re8 41. Rc8 Rxe6 42. Rxd8+ Kg7 43. Rxd3 Rb6 44. d7 Rbd6 45. Ra3 Re5 46. Ra8 Rxd7 47. R8xa5 Rxa5 48. Rxa5 Kg6 49. Ra6+ Kg7 50. h4 1/2-1/2

[Event "Moscow ACF Botvinnik Memorial"]
[Site "Moscow"]
[Date "2018.08.13"]
[Round "6.1"]
[White "Ceres, Dragos"]
[Black "Vaganian, Rafael A"]
[Result "0-1"]
[WhiteElo "2211"]
[BlackElo "2546"]
[PlyCount "72"]
[EventDate "2018.08.10"]
[EventType "team-swiss"]
[EventRounds "7"]
[EventCountry "RUS"]
[SourceTitle "CBM 186 Extra"]
[Source "ChessBase"]
[SourceDate "2018.08.24"]
[SourceVersion "1"]
[SourceVersionDate "2018.08.24"]
[SourceQuality "1"]
[WhiteTeam "Moldova"]
[BlackTeam "Armenia"]
[WhiteTeamCountry "MDA"]
[BlackTeamCountry "ARM"]

1. e4 e6 2. d4 d5 3. Nd2 Nc6 4. Ngf3 Nf6 5. e5 Nd7 6. c3 f6 7. exf6 Qxf6 8. Bb5 e5 9. Bxc6 bxc6 10. Nxe5 Nxe5 11. Qe2 Bd6 12. Nf3 Ba6 13. dxe5 Bxe2 14. exf6 Bxf3 15. fxg7 Rg8 16. gxf3 Rxg7 17. Be3 Kd7 18. 0-0-0 Rf7 19. h4 Rxf3 20. h5 Bf4 21. Bxf4 Rxf4 22. Rdg1 Rxf2 23. Rg7+ Kd6 24. Re1 a5 25. Rge7 Rg8 26. Rxh7 Rgg2 27. b4 axb4 28. cxb4 Rc2+ 29. Kb1 Rb2+ 30. Kc1 Rxb4 31. Rh6+ Kc5 32. Ree6 Rc4+ 33. Kb1 Kb5 34. a4+ Kxa4 35. Rxc6 Kb3 36. Rhg6 Rb2+ 0-1